[Event "ESP tch Segunda División 2014"]
[Site "Linares ESP"]
[Date "2014.08.20"]
[Round "4.8"]
[White "Tejedor Fuentes, Enrique"]
[Black "Fernandez Borrego, Pablo"]
[Result "0-1"]
[WhiteElo "2293"]
[BlackElo "2343"]
[PlyCount "74"]
[EventDate "2014.08.18"]
[EventType "team-swiss"]
[EventRounds "6"]
[EventCountry "ESP"]
[Source "lmi"]
[SourceDate "2014.08.18"]
[WhiteTeam "CLUB AJEDREZ SALCEDO PIELAGOS"]
[BlackTeam "CIRCULO FERROLANO DE AJEDREZ"]

1. e4 e6 2. d4 d5 3. Nc3 Bb4 4. e5 c5 5. Bd2 Ne7 6. Nce2 Bxd2+ 7. Qxd2 Nbc6 8.
f4 b6 9. Nf3 Ba6 10. c3 Nf5 11. Ng3 Nxg3 12. hxg3 Bxf1 13. Rxf1 Qe7 14. Kf2 Rc8
15. Rac1 O-O 16. Qc2 cxd4 17. cxd4 g6 18. Qd2 Qb4 19. Rc3 Na5 20. f5 exf5 21.
Qh6 Qxb2+ 22. Kg1 Qxc3 23. Ng5 Qe3+ 24. Kh2 Qxg5 25. Qxg5 Nc6 26. Rf4 Nd8 27.
Rh4 h5 28. Qe7 Ne6 29. Qxa7 Ra8 30. Qxb6 Rxa2 31. Rf4 Rc8 32. Qb7 Rc1 33. Qb8+
Kg7 34. Rf3 Raa1 35. g4 h4 36. g3 Ra5 37. Qa8 Rxa8 0-1

[Event "ESP tch Segunda División 2014"]
[Site "Linares ESP"]
[Date "2014.08.21"]
[Round "5.1"]
[White "Garza Marco, Sergio"]
[Black "Gonzalez Diaz, Julio"]
[Result "1/2-1/2"]
[WhiteElo "2445"]
[BlackElo "2286"]
[PlyCount "112"]
[EventDate "2014.08.18"]
[EventType "team-swiss"]
[EventRounds "6"]
[EventCountry "ESP"]
[Source "lmi"]
[SourceDate "2014.08.18"]
[WhiteTeam "JAIME CASAS"]
[BlackTeam "CLUB XADREZ FONTECARMOA"]

1. d4 d6 2. e4 g6 3. Nc3 Bg7 4. f4 Nf6 5. Nf3 c5 6. Bb5+ Bd7 7. Bxd7+ Nfxd7 8.
d5 b5 9. Nxb5 Qa5+ 10. Nc3 Bxc3+ 11. bxc3 Qxc3+ 12. Bd2 Qc4 13. Qe2 Nb6 14. a4
a5 15. Qxc4 Nxc4 16. Bc3 O-O 17. Ke2 Nd7 18. Kd3 Ncb6 19. Rhb1 f5 20. Ng5 fxe4+
21. Kxe4 Rf5 22. g4 Nxd5 23. gxf5 Nxc3+ 24. Kd3 Nxb1 25. Rxb1 h6 26. Nf3 gxf5
27. Rb7 Rd8 28. Kc4 Kf7 29. Kb5 Nf6 30. Nh4 Ke6 31. Kxa5 Nd5 32. Kb5 Nc3+ 33.
Kc4 Nxa4 34. Ng6 d5+ 35. Kb3 Ra8 36. Nxe7 Ra6 37. Nc8 Rc6 38. Rb8 Ra6 39. Rb7
Rc6 40. Kxa4 Rxc8 41. Rb6+ Ke7 42. Kb5 c4 43. Rxh6 d4 44. Kb4 d3 45. Kc3 dxc2
46. Kxc2 c3 47. Rh3 Rc4 48. Rf3 Kf6 49. Rf2 Kg6 50. Kd3 Rc8 51. Rc2 Kh5 52.
Rxc3 Rxc3+ 53. Kxc3 Kg4 54. Kd3 Kxf4 55. Ke2 Kg4 56. Kf2 Kh3 1/2-1/2

[Event "ESP tch Segunda División 2014"]
[Site "Linares ESP"]
[Date "2014.08.21"]
[Round "5.1"]
[White "Ramiro Ovejero, Juan Luis"]
[Black "Abal Cores, Lucas"]
[Result "1-0"]
[WhiteElo "2364"]
[BlackElo "2130"]
[PlyCount "55"]
[EventDate "2014.08.18"]
[EventType "team-swiss"]
[EventRounds "6"]
[EventCountry "ESP"]
[Source "lmi"]
[SourceDate "2014.08.18"]
[WhiteTeam "JAIME CASAS"]
[BlackTeam "CLUB XADREZ FONTECARMOA"]

1. e4 c5 2. Nf3 e6 3. d3 Nc6 4. g3 g6 5. Bg2 Bg7 6. O-O Nge7 7. c3 e5 8. Be3 d6
9. Qd2 O-O 10. Nh4 f5 11. Na3 Be6 12. f4 exf4 13. Bxf4 d5 14. exf5 Nxf5 15.
Nxf5 Bxf5 16. Nb5 Be5 17. Rae1 Bxf4 18. Qxf4 d4 19. Nd6 g5 20. Qxf5 Rxf5 21.
Nxf5 Qd7 22. Bxc6 bxc6 23. Re7 Rd8 24. Rxd7 Rxd7 25. cxd4 cxd4 26. Rc1 Rb7 27.
b3 Rb5 28. Nxd4 1-0

[Event "ESP tch Segunda División 2014"]
[Site "Linares ESP"]
[Date "2014.08.21"]
[Round "5.1"]
[White "Suarez Gomez, Julio"]
[Black "Forcen Esteban, Daniel"]
[Result "1-0"]
[WhiteElo "2294"]
[BlackElo "2536"]
[PlyCount "95"]
[EventDate "2014.08.18"]
[EventType "team-swiss"]
[EventRounds "6"]
[EventCountry "ESP"]
[Source "lmi"]
[SourceDate "2014.08.18"]
[WhiteTeam "CLUB XADREZ FONTECARMOA"]
[BlackTeam "JAIME CASAS"]

1. e4 c5 2. Nf3 d6 3. d4 cxd4 4. Nxd4 Nf6 5. Nc3 a6 6. Be2 e5 7. Nb3 Be7 8. Be3
Be6 9. Nd5 Nbd7 10. Qd3 Rc8 11. c4 O-O 12. O-O Nc5 13. Nxc5 dxc5 14. Rac1 Bxd5
15. cxd5 Qd6 16. Rc2 Rc7 17. Rfc1 Rfc8 18. g3 Qd7 19. b3 Bd6 20. Bg5 Qe7 21.
Bg4 Ra8 22. Bh3 h6 23. Be3 Nh7 24. f4 b6 25. b4 cxb4 26. Rxc7 Bxc7 27. fxe5
Bxe5 28. Bxb6 Bd6 29. Rc6 Ng5 30. Bg2 f6 31. Be3 a5 32. Bf4 Nf7 33. Bh3 Ne5 34.
Bxe5 Qxe5 35. Be6+ Kh8 36. Qc4 Rf8 37. Ra6 h5 38. Bf5 h4 39. Qe2 g6 40. Bxg6
Bc5+ 41. Kg2 Qg5 42. Bf5 Rg8 43. Rc6 hxg3 44. h3 Bd4 45. Rc7 Rd8 46. Rh7+ Kg8
47. d6 Rc8 48. Rc7 1-0

[Event "ESP tch Segunda División 2014"]
[Site "Linares ESP"]
[Date "2014.08.21"]
[Round "5.1"]
[White "Torrado Quintela, Julio"]
[Black "Antoli Royo, Joaquin Miguel"]
[Result "0-1"]
[WhiteElo "2247"]
[BlackElo "2428"]
[PlyCount "136"]
[EventDate "2014.08.18"]
[EventType "team-swiss"]
[EventRounds "6"]
[EventCountry "ESP"]
[Source "lmi"]
[SourceDate "2014.08.18"]
[WhiteTeam "CLUB XADREZ FONTECARMOA"]
[BlackTeam "JAIME CASAS"]

1. e4 c5 2. Nf3 d6 3. Nc3 Nf6 4. g3 Nc6 5. d4 Bg4 6. d5 Nd4 7. Be2 Nxe2 8. Qxe2
Qd7 9. e5 dxe5 10. h3 Bxf3 11. Qxf3 g6 12. Bg5 Bg7 13. O-O-O Qf5 14. Qe3 O-O
15. g4 Qd7 16. Kb1 Ne8 17. Bh4 Nd6 18. Ne4 Rfe8 19. Nxc5 Qb5 20. Ne4 Rac8 21.
Nxd6 exd6 22. Qb3 Qa6 23. Rhe1 Rc4 24. Bg5 Rec8 25. c3 b5 26. f3 Qb7 27. Re4 a6
28. Rxc4 Rxc4 29. Qa3 b4 30. cxb4 Rxb4 31. Bc1 h6 32. Rd2 Kh7 33. Rc2 Rb6 34.
Qd3 Rb5 35. Rd2 Bf6 36. b3 a5 37. Qc4 Rc5 38. Qe4 Qb5 39. Qd3 Qb6 40. Qe4 Qb5
41. Qd3 Qb6 42. Qe4 Rxc1+ 43. Kxc1 Bg5 44. Kd1 Bxd2 45. Kxd2 Qf2+ 46. Qe2 Qd4+
47. Qd3 Qf4+ 48. Kc2 Qh2+ 49. Qd2 Qxh3 50. Qxa5 Qxf3 51. Qd2 e4 52. b4 e3 53.
Qe1 Qe4+ 54. Kc3 f5 55. gxf5 gxf5 56. b5 Qe5+ 57. Kc4 Qf4+ 58. Kd3 Qe4+ 59. Kc3
f4 60. b6 Qe5+ 61. Kc4 Qb2 62. Qh4 Qxa2+ 63. Kd4 Qb2+ 64. Kd3 Qb3+ 65. Ke2 Qc4+
66. Ke1 Qc1+ 67. Ke2 Qd2+ 68. Kf1 e2+ 0-1

[Event "ESP tch Segunda División 2014"]
[Site "Linares ESP"]
[Date "2014.08.21"]
[Round "5.2"]
[White "Capel Fernandez, Manuel"]
[Black "Ladron de Guevara Pinto, Paolo"]
[Result "0-1"]
[WhiteElo "1894"]
[BlackElo "2355"]
[PlyCount "64"]
[EventDate "2014.08.18"]
[EventType "team-swiss"]
[EventRounds "6"]
[EventCountry "ESP"]
[Source "lmi"]
[SourceDate "2014.08.18"]
[WhiteTeam "REVERTE ALBOX"]
[BlackTeam "CLUB AJEDREZ NAZARI"]

1. e4 e6 2. d4 d5 3. Nc3 Be7 4. Bd3 dxe4 5. Nxe4 Nf6 6. Nf3 Nbd7 7. Nxf6+ Nxf6
8. Qe2 O-O 9. Bg5 c5 10. dxc5 Qa5+ 11. c3 Qxc5 12. O-O Rd8 13. Rfe1 Bd7 14. Ne5
Be8 15. c4 h6 16. Bd2 Qb6 17. b4 Qc7 18. Bc3 b5 19. c5 Nd5 20. Bd2 Bf6 21. f4
a5 22. a3 Ne7 23. Qe4 g6 24. Rad1 axb4 25. axb4 Ra2 26. Bc3 Bg7 27. Ba1 Nd5 28.
g3 Ra4 29. Rb1 f5 30. Qe2 Nxb4 31. Red1 Qxc5+ 32. Kf1 Raa8 0-1

[Event "ESP tch Segunda División 2014"]
[Site "Linares ESP"]
[Date "2014.08.21"]
[Round "5.2"]
[White "Garcia Rodriguez, Victor"]
[Black "Perez Beltran, Jose Maria"]
[Result "1-0"]
[WhiteElo "2179"]
[BlackElo "1697"]
[PlyCount "95"]
[EventDate "2014.08.18"]
[EventType "team-swiss"]
[EventRounds "6"]
[EventCountry "ESP"]
[Source "lmi"]
[SourceDate "2014.08.18"]
[WhiteTeam "CLUB AJEDREZ NAZARI"]
[BlackTeam "REVERTE ALBOX"]

1. e4 d6 2. d4 Nf6 3. Nc3 g6 4. Nf3 Bg7 5. h3 O-O 6. Be3 a6 7. Qd2 b5 8. Bd3
Bb7 9. a3 Nbd7 10. Rd1 c5 11. d5 Qc7 12. Bh6 c4 13. Be2 Qb6 14. Bxg7 Kxg7 15.
h4 h5 16. Nd4 Ne5 17. Bf3 Bc8 18. Nce2 Bd7 19. O-O a5 20. b3 cxb3 21. cxb3 Rac8
22. Qe3 Qb7 23. Nf4 b4 24. axb4 Qxb4 25. Nd3 Nfg4 26. Bxg4 Nxg4 27. Nxb4 Nxe3
28. fxe3 axb4 29. Rc1 Rc3 30. Rxc3 bxc3 31. Rc1 Rc8 32. Kf2 e5 33. dxe6 fxe6
34. Ke1 e5 35. Ne2 Be6 36. b4 Rb8 37. Rb1 Ba2 38. Ra1 Be6 39. Nxc3 Rxb4 40. Ra6
Rb3 41. Nd1 Rd3 42. Ke2 Bc4 43. Rc6 Bb5 44. Rb6 Bc4 45. Nb2 Rd4+ 46. Kf3 Rd2
47. Nxc4 Rd1 48. Rxd6 1-0

[Event "ESP tch Segunda División 2014"]
[Site "Linares ESP"]
[Date "2014.08.21"]
[Round "5.2"]
[White "Rodriguez Guerrero, Enrique"]
[Black "Pastor Jimenez, Daniel"]
[Result "1-0"]
[WhiteElo "2433"]
[BlackElo "1994"]
[PlyCount "133"]
[EventDate "2014.08.18"]
[EventType "team-swiss"]
[EventRounds "6"]
[EventCountry "ESP"]
[Source "lmi"]
[SourceDate "2014.08.18"]
[WhiteTeam "CLUB AJEDREZ NAZARI"]
[BlackTeam "REVERTE ALBOX"]

1. e4 c5 2. Nf3 d6 3. d4 cxd4 4. Nxd4 Nf6 5. Nc3 a6 6. Be2 e5 7. Nb3 Be6 8. f4
Qc7 9. f5 Bc4 10. Be3 Nbd7 11. O-O Be7 12. Kh1 b6 13. Rf2 Bxe2 14. Qxe2 Qc6 15.
Bg5 O-O 16. Rd1 Rfc8 17. Nd5 Bd8 18. Bxf6 Nxf6 19. Nc1 Qc4 20. Nxf6+ Bxf6 21.
a3 Qxe2 22. Rxe2 Rc6 23. Na2 a5 24. Nc3 Rac8 25. Red2 Be7 26. Rd3 Kf8 27. a4
Rc4 28. g3 Ke8 29. Kg2 Kd7 30. Kf3 R8c6 31. Ke2 Bg5 32. h4 Be7 33. R1d2 g5 34.
Rf3 g4 35. Rfd3 h5 36. Kd1 f6 37. Re2 Bd8 38. Kc1 Be7 39. Kb1 Bd8 40. Nd5 Rc8
41. b3 R4c6 42. Kb2 Rc5 43. Red2 R5c6 44. Rc3 Rc5 45. Rxc5 bxc5 46. Ne3 Kc6 47.
Kc3 Bc7 48. Kc4 Rb8 49. Nd5 Bd8 50. Rd1 Rb7 51. c3 Rb8 52. Rb1 Ra8 53. Ra1 Rc8
54. Ra2 Rb8 55. Ne3 Rc8 56. Nc2 Kd7 57. Na3 Bc7 58. Nb5 Bb8 59. Kd5 c4 60. b4
Rc6 61. Rc2 Rc8 62. Na3 axb4 63. cxb4 c3 64. Nb5 Bc7 65. Rxc3 Bb6 66. a5 Bf2
67. a6 1-0

[Event "ESP tch Segunda División 2014"]
[Site "Linares ESP"]
[Date "2014.08.21"]
[Round "5.3"]
[White "Capellades Subirana, Marc"]
[Black "Ibarra Jerez, Juan Miguel"]
[Result "1-0"]
[WhiteElo "2188"]
[BlackElo "2249"]
[PlyCount "101"]
[EventDate "2014.08.18"]
[EventType "team-swiss"]
[EventRounds "6"]
[EventCountry "ESP"]
[Source "lmi"]
[SourceDate "2014.08.18"]
[WhiteTeam "PEONA I PEO, CLUB D'ESCACS"]
[BlackTeam "INTERNATIONAL TOTANA CHESS CLUB"]

1. e4 c5 2. Nf3 Nf6 3. Nc3 d5 4. Bb5+ Bd7 5. Bxd7+ Qxd7 6. e5 d4 7. exf6 dxc3
8. fxg7 cxd2+ 9. Qxd2 Bxg7 10. O-O Qc6 11. Rd1 Nd7 12. Qd5 Nb6 13. Qxc6+ bxc6
14. a4 O-O 15. Kf1 Rab8 16. a5 Nc4 17. Rd7 Nxb2 18. Bf4 Rbd8 19. Rxe7 Rfe8 20.
Rae1 Rxe7 21. Rxe7 Ra8 22. Rc7 Nc4 23. a6 Na3 24. Be3 Nxc2 25. Bxc5 Bf8 26.
Bxf8 Kxf8 27. Ng5 Nb4 28. Nxh7+ Kg7 29. Ng5 Nxa6 30. Rxf7+ Kg8 31. Rf4 Nc5 32.
Rc4 Nd7 33. Rxc6 a5 34. Ne4 a4 35. Nc3 a3 36. Na2 Rb8 37. Rc2 Nf6 38. Ke2 Kf7
39. Kd3 Nd5 40. Kd2 Rb3 41. g3 Ke6 42. h3 Ke5 43. Nc1 Rf3 44. Ke1 Nc3 45. Na2
Nd5 46. Kd1 Kd4 47. Rd2+ Kc4 48. Kc2 Rb3 49. Rd4+ Kxd4 50. Kxb3 Ke4 51. Nc3+
1-0

[Event "ESP tch Segunda División 2014"]
[Site "Linares ESP"]
[Date "2014.08.21"]
[Round "5.3"]
[White "Corriguelas Armillas, Frederic"]
[Black "Jimenez Villena, Francisco Jose"]
[Result "1/2-1/2"]
[WhiteElo "2035"]
[BlackElo "2126"]
[PlyCount "65"]
[EventDate "2014.08.18"]
[EventType "team-swiss"]
[EventRounds "6"]
[EventCountry "ESP"]
[Source "lmi"]
[SourceDate "2014.08.18"]
[WhiteTeam "PEONA I PEO, CLUB D'ESCACS"]
[BlackTeam "INTERNATIONAL TOTANA CHESS CLUB"]

1. e4 d5 2. exd5 Qxd5 3. Nc3 Qd8 4. d4 Nf6 5. Nf3 Bg4 6. h3 Bxf3 7. Qxf3 c6 8.
Be3 e6 9. Bd3 Nbd7 10. O-O Be7 11. Rfe1 O-O 12. Rad1 Nd5 13. Nxd5 cxd5 14. c3
Qa5 15. Bb1 b5 16. Bd2 Qb6 17. Qd3 g6 18. g3 Rac8 19. h4 b4 20. h5 bxc3 21.
bxc3 Bf6 22. Bh6 Rfe8 23. Qf3 Qc6 24. Qg4 Bg7 25. Bxg7 Kxg7 26. hxg6 hxg6 27.
Re3 e5 28. dxe5 Rxe5 29. Qd4 Qf6 30. Rxe5 Nxe5 31. Qxd5 Rxc3 32. Be4 Ng4 33.
Qd4 1/2-1/2

[Event "ESP tch Segunda División 2014"]
[Site "Linares ESP"]
[Date "2014.08.21"]
[Round "5.3"]
[White "Ibarra Jerez, Jose Carlos"]
[Black "Matnadze, Ana"]
[Result "1-0"]
[WhiteElo "2521"]
[BlackElo "2385"]
[PlyCount "117"]
[EventDate "2014.08.18"]
[EventType "team-swiss"]
[EventRounds "6"]
[EventCountry "ESP"]
[Source "lmi"]
[SourceDate "2014.08.18"]
[WhiteTeam "INTERNATIONAL TOTANA CHESS CLUB"]
[BlackTeam "PEONA I PEO, CLUB D'ESCACS"]

1. e4 c6 2. Nc3 d5 3. d4 dxe4 4. Nxe4 Nf6 5. Nxf6+ gxf6 6. c3 Qc7 7. Qh5 Be6 8.
Bd3 Qd7 9. Ne2 Bg4 10. Qh4 h5 11. Ng3 Na6 12. h3 Be6 13. O-O Nc7 14. Ne4 b6 15.
a4 a5 16. Bf4 Nd5 17. Bh2 Bg7 18. Rfe1 Kf8 19. Rad1 Bf5 20. Bb1 Bg6 21. c4 Nb4
22. d5 cxd5 23. cxd5 f5 24. d6 e6 25. Nc3 Kg8 26. Be5 Bxe5 27. Rxe5 Kg7 28. Rb5
Qd8 29. Qd4+ Qf6 30. Qxb6 Rhd8 31. Rxa5 Rab8 32. Qe3 f4 33. Qf3 Bxb1 34. Rxb1
e5 35. Re1 Re8 36. Qxh5 Nd3 37. Ne4 Qg6 38. Qxg6+ Kxg6 39. Rd1 Nxb2 40. Rdd5
Nc4 41. Rac5 Nb6 42. d7 Red8 43. Rd6+ Kg7 44. Rb5 Rxd7 45. Rbxb6 Rxb6 46. Rxd7
Rb4 47. f3 Rxa4 48. Ng5 Ra1+ 49. Kh2 Ra2 50. Nxf7 Kf6 51. Nh6 e4 52. fxe4 Kg5
53. Ng4 f3 54. Kg3 fxg2 55. Rd5+ Kg6 56. Ne5+ Kf6 57. Nf3 Re2 58. e5+ Kg6 59.
Nh4+ 1-0

[Event "ESP tch Segunda División 2014"]
[Site "Linares ESP"]
[Date "2014.08.21"]
[Round "5.3"]
[White "Tudela Corbalan, Carlos"]
[Black "Cervello Tost, Ferran"]
[Result "1/2-1/2"]
[WhiteElo "2189"]
[BlackElo "2141"]
[PlyCount "133"]
[EventDate "2014.08.18"]
[EventType "team-swiss"]
[EventRounds "6"]
[EventCountry "ESP"]
[Source "lmi"]
[SourceDate "2014.08.18"]
[WhiteTeam "INTERNATIONAL TOTANA CHESS CLUB"]
[BlackTeam "PEONA I PEO, CLUB D'ESCACS"]

1. e4 c6 2. d4 d5 3. e5 c5 4. dxc5 Nc6 5. c3 e6 6. Be3 Nxe5 7. Nd2 Nf6 8. Be2
Be7 9. b4 O-O 10. f4 Nc6 11. Ngf3 Ng4 12. Bg1 Bf6 13. Nd4 Nh6 14. N2f3 Nf5 15.
Bf2 Nfxd4 16. Nxd4 e5 17. fxe5 Bxe5 18. O-O Qc7 19. h3 Nxd4 20. Bxd4 Bxh3 21.
gxh3 Bxd4+ 22. Qxd4 Qg3+ 23. Kh1 Qxh3+ 24. Kg1 Qg3+ 25. Kh1 Rae8 26. Rf3 Qg5
27. Bd3 Re6 28. Rh3 Rh6 29. Rxh6 Qxh6+ 30. Kg2 Qg5+ 31. Kf3 Re8 32. Rg1 Qh5+
33. Qg4 Qe5 34. Qd4 Qh5+ 35. Kf2 g6 36. Qf4 Qh3 37. Qf3 Qh2+ 38. Rg2 Qe5 39.
Be2 Re6 40. Kg1 Rf6 41. Qg3 Qe4 42. Bd3 Qe6 43. Re2 Qd7 44. b5 Qc8 45. Qe3 Qg4+
46. Rg2 Qd1+ 47. Kh2 Re6 48. Be2 Qe1 49. Qf3 Re5 50. Bf1 Qh4+ 51. Kg1 Qe7 52.
Qf2 Re3 53. c6 bxc6 54. bxc6 Rxc3 55. Qd4 Rxc6 56. Qxd5 Rc5 57. Qd4 Re5 58. Rf2
Re4 59. Qd5 Rg4+ 60. Bg2 Qe1+ 61. Rf1 Qe3+ 62. Rf2 Rd4 63. Kh1 Qe2 64. Rf1 Rg4
65. Kg1 Qe3+ 66. Rf2 Rf4 67. Qd2 1/2-1/2

[Event "ESP tch Segunda División 2014"]
[Site "Linares ESP"]
[Date "2014.08.21"]
[Round "5.4"]
[White "Alvarez Fernandez, Enrique"]
[Black "Garcia Roman, Daniel"]
[Result "1/2-1/2"]
[WhiteElo "2355"]
[BlackElo "2390"]
[PlyCount "77"]
[EventDate "2014.08.18"]
[EventType "team-swiss"]
[EventRounds "6"]
[EventCountry "ESP"]
[Source "lmi"]
[SourceDate "2014.08.18"]
[WhiteTeam "REAL GRUPO DE CULTURA COVADONGA"]
[BlackTeam "C.A. MISLATA - INFORCHESS.COM"]

1. d4 e6 2. Nf3 Nf6 3. c4 b6 4. Nc3 Bb4 5. Qc2 Bb7 6. Bg5 h6 7. Bh4 g5 8. Bg3
Ne4 9. Nd2 Bxc3 10. bxc3 Nxg3 11. hxg3 d6 12. e4 Nd7 13. Be2 Qe7 14. Nf1 O-O-O
15. Ne3 Nf6 16. Bd3 h5 17. O-O-O h4 18. g4 Nd7 19. g3 Qf6 20. Qe2 c5 21. Bc2
cxd4 22. cxd4 hxg3 23. Rxh8 Rxh8 24. fxg3 Rh3 25. Qg2 Qh8 26. Qf3 Qg7 27. Qg2
Qh8 28. Qf3 Qg7 29. Qg2 Rh6 30. Kb1 Qh8 31. Qf3 Qf6 32. Qg2 Qh8 33. Qf3 Qf6 34.
Qg2 Kc7 35. Qe2 Rh3 36. Qg2 Rh6 37. Qe2 Rh3 38. Qg2 Rh6 39. Qe2 1/2-1/2

[Event "ESP tch Segunda División 2014"]
[Site "Linares ESP"]
[Date "2014.08.21"]
[Round "5.4"]
[White "Bas Mas, Jose Joaquin"]
[Black "Fidalgo Fernandez, Javier"]
[Result "1-0"]
[WhiteElo "2278"]
[BlackElo "2271"]
[PlyCount "97"]
[EventDate "2014.08.18"]
[EventType "team-swiss"]
[EventRounds "6"]
[EventCountry "ESP"]
[Source "lmi"]
[SourceDate "2014.08.18"]
[WhiteTeam "C.A. MISLATA - INFORCHESS.COM"]
[BlackTeam "REAL GRUPO DE CULTURA COVADONGA"]

1. e4 e6 2. d4 d5 3. Nd2 f5 4. exf5 exf5 5. Ngf3 Nf6 6. Bd3 Be7 7. O-O O-O 8.
Re1 c6 9. Nf1 Ne4 10. c4 Be6 11. Qb3 Qb6 12. c5 Qxb3 13. axb3 Nd7 14. b4 a6 15.
N3d2 Kf7 16. Nb3 Bd8 17. f3 Nef6 18. Ng3 g6 19. Bf4 Re8 20. Bd6 Rc8 21. Ne2 Nf8
22. Nf4 Bd7 23. Bf1 g5 24. Nd3 Ng6 25. Ne5+ Nxe5 26. dxe5 Nh5 27. Nd4 Ng7 28.
Bd3 h5 29. g3 Be6 30. b5 cxb5 31. Kg2 Bd7 32. Rec1 Be7 33. c6 bxc6 34. Rxa6
Bxd6 35. exd6 Ra8 36. Rca1 Rxa6 37. Rxa6 Rc8 38. Ra7 Ke8 39. b4 Kd8 40. Nb3 Ke8
41. Nc5 Rd8 42. g4 hxg4 43. fxg4 Ne6 44. Nxe6 Bxe6 45. Re7+ Kf8 46. Rxe6 fxg4
47. Kg3 Kf7 48. Bf5 d4 49. Rh6 1-0

[Event "ESP tch Segunda División 2014"]
[Site "Linares ESP"]
[Date "2014.08.21"]
[Round "5.4"]
[White "Fernandez Torre, Ivan"]
[Black "Navarrete Espi, Samuel"]
[Result "1-0"]
[WhiteElo "2233"]
[BlackElo "2245"]
[PlyCount "45"]
[EventDate "2014.08.18"]
[EventType "team-swiss"]
[EventRounds "6"]
[EventCountry "ESP"]
[Source "lmi"]
[SourceDate "2014.08.18"]
[WhiteTeam "REAL GRUPO DE CULTURA COVADONGA"]
[BlackTeam "C.A. MISLATA - INFORCHESS.COM"]

1. d4 Nf6 2. Nf3 g6 3. c4 Bg7 4. Nc3 O-O 5. g3 c6 6. Bg2 d6 7. O-O Qb6 8. h3
Qa6 9. Nd2 Nbd7 10. e4 Rb8 11. a4 b5 12. axb5 Qxa1 13. Nb3 Qxc1 14. Qxc1 cxb5
15. cxb5 a6 16. Na5 axb5 17. Nc6 Rb6 18. Nxe7+ Kh8 19. Ncd5 Nxd5 20. Nxc8 Nb4
21. Nxb6 Nxb6 22. Qc3 Na6 23. Qa5 1-0

[Event "ESP tch Segunda División 2014"]
[Site "Linares ESP"]
[Date "2014.08.21"]
[Round "5.4"]
[White "Jordan Arenas, Manuel"]
[Black "Iglesias Leon, Francisco Javier"]
[Result "1/2-1/2"]
[WhiteElo "2148"]
[BlackElo "2218"]
[PlyCount "113"]
[EventDate "2014.08.18"]
[EventType "team-swiss"]
[EventRounds "6"]
[EventCountry "ESP"]
[Source "lmi"]
[SourceDate "2014.08.18"]
[WhiteTeam "C.A. MISLATA - INFORCHESS.COM"]
[BlackTeam "REAL GRUPO DE CULTURA COVADONGA"]

1. d4 Nf6 2. c4 c5 3. d5 b5 4. cxb5 a6 5. bxa6 Bxa6 6. Nc3 d6 7. e4 Qa5 8. Bxa6
Qxa6 9. Nge2 g6 10. Bg5 Nbd7 11. O-O Bg7 12. Qd2 h6 13. Bf4 Nh5 14. Be3 Ne5 15.
b3 Ng4 16. h3 Nxe3 17. Qxe3 O-O 18. f4 Nf6 19. Rae1 Ne8 20. Kh1 Nc7 21. a4 Rab8
22. Nb1 Kh7 23. Nd2 f5 24. exf5 gxf5 25. Qxe7 Nxd5 26. Qe6 Qd3 27. Nc4 Rbe8 28.
Qxd6 Rxe2 29. Rd1 Qxb3 30. Qxd5 Qxa4 31. Qxc5 Qc2 32. Qd5 Qe4 33. Nd6 Qxd5 34.
Rxd5 Rd8 35. Rfd1 Rf2 36. Rxf5 Bf8 37. Kg1 Rc2 38. Rfd5 Ra8 39. R5d2 Raa2 40.
Ne4 Bc5+ 41. Kh2 Rxd2 42. Rxd2 Rxd2 43. Nxd2 Be3 44. Ne4 Bxf4+ 45. g3 Be5 46.
Kg2 Kg6 47. Kf3 h5 48. h4 Bc7 49. Nc5 Ba5 50. Ne6 Be1 51. Nf4+ Kh6 52. Nd3 Ba5
53. Ke4 Kg6 54. Nf4+ Kh6 55. Kf5 Be1 56. Ne2 Bf2 57. Ke4 1/2-1/2

[Event "ESP tch Segunda División 2014"]
[Site "Linares ESP"]
[Date "2014.08.21"]
[Round "5.5"]
[White "Arias Igual, Alejandro"]
[Black "Espinosa Aranda, Angel"]
[Result "1/2-1/2"]
[WhiteElo "2271"]
[BlackElo "2385"]
[PlyCount "79"]
[EventDate "2014.08.18"]
[EventType "team-swiss"]
[EventRounds "6"]
[EventCountry "ESP"]
[Source "lmi"]
[SourceDate "2014.08.18"]
[WhiteTeam "C.A. ENRIC VALOR FIGUERAS PACHECO"]
[BlackTeam "64 VILLALBA"]

1. d4 Nf6 2. c4 e6 3. Nf3 d5 4. Nc3 c5 5. cxd5 Nxd5 6. e4 Nxc3 7. bxc3 cxd4 8.
cxd4 Bb4+ 9. Bd2 Bxd2+ 10. Qxd2 O-O 11. Bc4 Nd7 12. O-O b6 13. Rad1 Bb7 14.
Rfe1 Rc8 15. Bd3 Qe7 16. Qf4 Rfd8 17. h4 Nf8 18. h5 h6 19. Re3 Rc3 20. d5 Qc7
21. Qg4 Bc8 22. Qh4 exd5 23. exd5 Rc1 24. Rxc1 Qxc1+ 25. Re1 Qc7 26. Re7 Qc1+
27. Re1 Qc7 28. Re7 Qc1+ 29. Kh2 Rxd5 30. Bc4 Rf5 31. Re8 Bd7 32. Ra8 Qa3 33.
Nd4 Qd6+ 34. Kg1 Re5 35. Nf3 Rc5 36. Rxa7 Be6 37. Bf1 Rc1 38. Ra4 Rd1 39. a3 b5
40. Rd4 1/2-1/2

[Event "ESP tch Segunda División 2014"]
[Site "Linares ESP"]
[Date "2014.08.21"]
[Round "5.5"]
[White "Garcia Ramos, Marcos"]
[Black "Lopez del Alamo, Antonio"]
[Result "0-1"]
[WhiteElo "2141"]
[BlackElo "2275"]
[PlyCount "84"]
[EventDate "2014.08.18"]
[EventType "team-swiss"]
[EventRounds "6"]
[EventCountry "ESP"]
[Source "lmi"]
[SourceDate "2014.08.18"]
[WhiteTeam "C.A. ENRIC VALOR FIGUERAS PACHECO"]
[BlackTeam "64 VILLALBA"]

1. e4 c5 2. Nf3 e6 3. d4 cxd4 4. Nxd4 Nf6 5. Nc3 d6 6. g3 Nc6 7. Bg2 Bd7 8. O-O
Be7 9. b3 a6 10. Bb2 O-O 11. Nce2 Qc7 12. c4 Rac8 13. Rc1 Rfd8 14. Qd2 Be8 15.
Nc3 Qb8 16. Ba3 Bf8 17. Rfd1 Nxd4 18. Qxd4 b5 19. cxb5 axb5 20. Bb4 Bc6 21. Rd2
e5 22. Qd3 Qa8 23. Rcd1 Rd7 24. Bh3 Rcd8 25. Bxd7 Rxd7 26. Nd5 Rd8 27. Qe2 Nd7
28. f3 Kh8 29. Ne3 Re8 30. Bxd6 Nc5 31. Bxf8 Rxf8 32. Nd5 Ne6 33. Nb4 Nd4 34.
Rxd4 exd4 35. Nxc6 Qxc6 36. Rxd4 h6 37. Kg2 Rc8 38. Rb4 Qc1 39. Qxb5 Rc5 40.
Qb8+ Kh7 41. Rb5 Qd2+ 42. Kh3 Qd8 0-1

[Event "ESP tch Segunda División 2014"]
[Site "Linares ESP"]
[Date "2014.08.21"]
[Round "5.5"]
[White "Moreno Trujillo, Alejandro"]
[Black "Clement Gomez, Jose A"]
[Result "1-0"]
[WhiteElo "2525"]
[BlackElo "2381"]
[PlyCount "49"]
[EventDate "2014.08.18"]
[EventType "team-swiss"]
[EventRounds "6"]
[EventCountry "ESP"]
[Source "lmi"]
[SourceDate "2014.08.18"]
[WhiteTeam "64 VILLALBA"]
[BlackTeam "C.A. ENRIC VALOR FIGUERAS PACHECO"]

1. d4 Nf6 2. c4 e6 3. Nc3 Bb4 4. Qc2 Nc6 5. Nf3 d6 6. Bd2 O-O 7. a3 Bxc3 8.
Bxc3 Qe7 9. e4 e5 10. d5 Nb8 11. Be2 Nh5 12. Nd2 Nf4 13. Bf3 f5 14. h4 Qf7 15.
O-O-O Nd7 16. g3 fxe4 17. Nxe4 Nc5 18. Nxc5 dxc5 19. Be4 Nh3 20. f3 Qh5 21. Qg2
Bd7 22. d6 c6 23. Rxh3 Bxh3 24. Qxh3 Kh8 25. Qg4 1-0

[Event "ESP tch Segunda División 2014"]
[Site "Linares ESP"]
[Date "2014.08.21"]
[Round "5.5"]
[White "Napoli, Nicolo"]
[Black "Sanchez Dengra, Jose Maria"]
[Result "1-0"]
[WhiteElo "2315"]
[BlackElo "2134"]
[PlyCount "59"]
[EventDate "2014.08.18"]
[EventType "team-swiss"]
[EventRounds "6"]
[EventCountry "ESP"]
[Source "lmi"]
[SourceDate "2014.08.18"]
[WhiteTeam "64 VILLALBA"]
[BlackTeam "C.A. ENRIC VALOR FIGUERAS PACHECO"]

1. d4 Nf6 2. g3 e6 3. Bg2 c5 4. c3 d5 5. Nf3 Nc6 6. O-O Be7 7. Nbd2 O-O 8. Re1
cxd4 9. cxd4 Ne4 10. Nxe4 dxe4 11. Ne5 Nxe5 12. dxe5 Qa5 13. Bxe4 Rd8 14. Bd3
Bd7 15. Bf4 Rac8 16. Qb1 h6 17. Bh7+ Kh8 18. Be4 Bc5 19. h4 Qb6 20. Rf1 Bd4 21.
a4 Rc5 22. Ra3 a5 23. Qa2 Bc6 24. Bxc6 bxc6 25. Rd3 Rdd5 26. b3 Qc7 27. e4 Rd7
28. Rfd1 g5 29. hxg5 hxg5 30. Be3 1-0